Detalles MARC
| 000 -LÍDER |
| Campo fijo de descripción fija |
02132nam a22003617i 4500 |
| 001 - NÚMERO DE CONTROL |
| Campo de control |
768714001 |
| 003 - IDENTIFICADOR DEL NÚMERO DE CONTROL |
| Campo de control |
CO-MdFUSB |
| 005 - FECHA Y HORA DE LA ULTIMA TRANSACCIÓN |
| control field |
20250731142025.0 |
| 007 - CAMPO FIJO DE DESCRIPCIÓN FIJA--INFORMACIÓN GENERAL |
| Campo fijo de descripción fija |
cd au aaaaa |
| 008 - ELEMENTOS DE LONGITUD FIJA -- INFORMACIÓN GENERAL |
| Campo fijo de descripción fija -- Información general |
200124s2019 ck ||||s|||| 00| 0 spa d |
| 040 ## - FUENTE DE CATALOGACIÓN |
| Agencia de catalogación original |
CO-MdFUSB |
| Idioma de catalogación |
Español |
| Agencia que realiza la transcripción |
CO-MdFUSB |
| Agencia que realiza la modificación |
CO-MdFUSB |
| 041 ## - CÓDIGO DE IDIOMA |
| Código de idioma para texto/pista de sonido o título separado |
spa |
| 084 ## - OTRO NUMERO DE CLASIFICACIÓN |
| Número de clasificación |
T CD0103 |
| 100 ## - ASIENTO PRINCIPAL--NOMBRE PERSONAL |
| Nombre personal |
Amorocho Gómez, Johana Marcela. |
| Término relacionador |
autor |
| 245 ## - TÍTULO |
| Título del Material |
¿Cómo influye la secularización en la percepción y en el ejercicio de la sexualidad en el cristiano? |
| Mención de responsabilidad, etc. |
/ Johana Marcela Amorocho Gómez ; asesorado por Fernando Abilio Mosquera Brand |
| Medio físico |
[electrónico] |
| 264 #2 - PRODUCTION, PUBLICATION, DISTRIBUTION, MANUFACTURE, AND COPYRIGHT NOTICE |
| Lugar de procducción, publication, distribution, manufacture |
Medellín, Colombia : |
| Nombre del productor, publicador, distribuidor y manofactura |
FUSBC, |
| Fecha de producción, distribución, manufactura, o nota de copyright |
2019 |
| 336 ## - TIPO DE CONTENIDO |
| Fuente |
rdacontent |
| Tipo de contenido |
programa de ordenador |
| Content type code |
cop |
| 337 ## - TIPO DE MEDIO |
| Fuente |
rdamedia |
| Tipo de medio |
informático |
| Código |
c |
| 338 ## - TIPO DE SOPORTE |
| Fuente |
rdacarrier |
| rdacarrier |
disco compacto |
| Código |
cd |
| 502 ## - NOTA DE TESIS |
| Nota de Tesis |
Trabajo de grado |
| Tipo de estudio |
(Teología) -- |
| Nombre de la Institución del grado |
Fundación Universitaria Seminario Bíblico de Colombia, |
| Año de graduación |
2019 |
| 504 ## - NOTA DE BIBLIOGRAFÍA, ETC. |
| Nota de bibliografía, etc |
Bibliografía (64-66) |
| 505 ## - NOTA DE CONTENIDO |
| Nota de contenido con formato preestablecido |
Una mirada sucinta al secularismo. -- La sexualidad desde la perspectiva cristiana. -- Efectos del secularismo en el círculo cristiano respecto a la sexualidad. <br/> |
| 506 ## - NOTA DE RESTRICCIONES DE ACCESO |
| Condiciones de acceso |
Préstamo en sala |
| 520 ## - NOTA DE RESUMEN, ETC. |
| Nota de sumario, etc. |
La percepción y ejercicio de la sexualidad en los cristianos parte de una correcta información o una desinformación sobre el tema. Muchos cristianos hoy día se ven influenciados por la propuesta que la sociedad impone con respecto al ejercicio de la sexualidad. Vivimos en un mundo moderno y secularizado, donde los pensamientos de los diferentes filósofos, las posturas de los diferentes humanistas y los planteamientos de los diferentes “teólogos” pernean el pensamiento no solo de la sociedad, sino también la percepción que tiene el cristiano con respecto al ejercicio de la sexualidad. |
| 535 ## - LOCALIZACIÓN DE ORIGINALES / DUPLICADOS Y NOTAS |
| Custodian |
Recurso en línea REPCI |
| 590 ## - NOTA LOCAL |
| Nota local |
Préstamo en sala |
| 650 #0 - ASIENTO SECUNDARIO DE MATERIA - TERMINO TEMÁTICO |
| 9 (RLIN) |
476 |
| Término temático o nombre geográfico como elemento de entrada |
Sexo |
| Subdivisión general |
Cristianismo |
| 651 ## - ASIENTO SECUNDARIO DE MATERIA - NOMBRE GEOGRAFICO |
| Fuente del encabezamiento o término |
Secularización |
| 700 ## - ASIENTO SECUNDARIO - NOMBRE PERSONAL |
| Nombre personal |
Mosquera Brand, Fernando Abilio, |
| 9 (RLIN) |
850 |
| Responsabilidad |
asesor |
| 856 ## - LOCALIZACIÓN Y ACCESO ELECTRÓNICOS |
| Nombre del sitio |
REPCI |
| Ruta de acceso (“Path”) |
www.repci.co |
| Instrucción |
Sigue el link aquí |
| Identificador Uniforme del Recurso |
https://repositorio.repci.co/handle/123456789/741 |
| 942 ## - TIPO DE MATERIAL (KOHA) |
| Tipo de Item KOHA |
Trabajos de Grado |